[Event "Let's Play Chess!"]
[Site "http://www.queenalice.com/game.php?id=366105"]
[Date "2008.3.9"]
[Round "-"]
[White "laurentb121"]
[Black "betochess"]
[Result "1-0"]
[WhiteElo "2101"]
[BlackElo "1305"]

1. e4 c6 2. d4 d5 3. exd5 cxd5 4. Bd3 Nc6 5. c3 Nf6 6. Bf4 e6 7. Nf3 Bd6 8. Bxd6
Qxd6 9. O-O O-O 10. Qe2 Re8 11. Re1 a6 12. Nbd2 b5 13. a3 Bd7 14. Ne5 Rec8 15.
g4 h6 16. h4 Qe7 17. g5 hxg5 18. hxg5 Nh7 19. Bxh7+ Kxh7 20. Qh5+ Kg8 21. Kg2
Nxe5 22. Rh1 Ng6 23. Qh7+ Kf8 24. Qh8+ 1-0

[Event "Let's Play Chess!"]
[Site "http://www.queenalice.com/game.php?id=373797"]
[Date "2008.3.20"]
[Round "-"]
[White "betochess"]
[Black "spawnwolfwolverine"]
[Result "0-1"]
[WhiteElo "1339"]
[BlackElo "1517"]

1. e4 e5 2. Nf3 d6 3. d4 exd4 4. Nxd4 Bd7 5. Nc3 Nc6 6. Be2 g6 7. O-O Bg7 8. Be3
Nge7 9. f4 O-O 10. a3 Nxd4 11. Bxd4 Bxd4+ 12. Qxd4 a6 13. Bc4 c6 14. Qxd6 b5 15.
Bb3 Bg4 16. Qc5 h5 17. h3 Be6 18. Bxe6 fxe6 19. Rad1 Qc7 20. Rd6 Rad8 21. Rxe6
Rf7 22. e5 Nf5 23. Rxg6+ Rg7 24. Rf6 Nd4 25. Ne4 h4 26. Ng5 Ne2+ 27. Kh2 Ng3 28.
Ne6 Nxf1+ 29. Kg1 Qe7 30. Nxg7 Qxc5+ 0-1

[Event "Let's Play Chess!"]
[Site "http://www.queenalice.com/game.php?id=376437"]
[Date "2008.3.24"]
[Round "-"]
[White "betochess"]
[Black "Jackzapo"]
[Result "0-1"]
[WhiteElo "1326"]
[BlackElo "1719"]

1. e4 c5 2. Nf3 d6 3. d4 cxd4 4. Nxd4 Nc6 5. Nc3 a6 6. Bg5 Qa5 7. Bh4 Bd7 8. Be2
g6 9. O-O Bg7 10. Nb3 Qc7 11. Nd5 Qd8 12. c3 Be6 13. f4 Nf6 14. Nxf6+ exf6 15.
Nd4 Qd7 16. Nxe6 fxe6 17. Qb3 b5 18. c4 Nd4 19. Qd3 Nxe2+ 20. Qxe2 O-O 21. Rad1
bxc4 22. Qxc4 Rac8 23. Qxa6 Rc2 24. Rf2 Rfc8 25. Qxd6 Qf7 26. a4 R2c4 27. b3
Rxe4 28. b4 Bf8 29. Qa6 Rxb4 30. Qxc8 Qb7 31. Qxe6+ Qf7 32. Qxf7+ Kxf7 33. Re2
Rxa4 34. Rd7+ Kg8 35. Bxf6 Rxf4 36. Bg5 Bc5+ 37. Rf2 Rxf2 38. Rd8+ Kf7 0-1

[Event "Let's Play Chess!"]
[Site "http://www.queenalice.com/game.php?id=376438"]
[Date "2008.3.26"]
[Round "-"]
[White "betochess"]
[Black "Strogenstein"]
[Result "1-0"]
[WhiteElo "1315"]
[BlackElo "1822"]

1. e4 e5 2. Nf3 Nc6 3. Bb5 d6 4. d4 Bd7 5. dxe5 Nxe5 6. Bxd7+ Qxd7 7. O-O Nxf3+
8. Qxf3 h6 9. Nc3 Nf6 10. Re1 O-O-O 11. Be3 g5 12. Qxf6 Be7 13. Qxf7 Rdf8 14.
Qc4 h5 15. Nb5 a6 16. Nd4 g4 17. Qe6 Qxe6 18. Nxe6 Rf6 19. Nd4 h4 20. Bg5 Rf7
21. Bxe7 Rxe7 22. Nf5 1-0

[Event "Let's Play Chess!"]
[Site "http://www.queenalice.com/game.php?id=388654"]
[Date "2008.4.16"]
[Round "-"]
[White "betochess"]
[Black "CampbellMarcel"]
[Result "0-1"]
[WhiteElo "1320"]
[BlackElo "1783"]

1. e4 g6 2. d4 b6 3. b3 Bg7 4. Bb2 Bb7 5. Nc3 e6 6. Nf3 d6 7. Bb5+ c6 8. Be2 a6
9. O-O f6 10. h3 h6 11. a4 Ne7 0-1

[Event "Let's Play Chess!"]
[Site "http://www.queenalice.com/game.php?id=388695"]
[Date "2008.4.16"]
[Round "-"]
[White "axelsun"]
[Black "betochess"]
[Result "1-0"]
[WhiteElo "1832"]
[BlackElo "1312"]

1. Nf3 d5 2. d4 Nf6 3. c4 e6 4. Nc3 Nc6 5. Bg5 Be7 6. e3 O-O 7. Be2 h6 8. Bh4 a6
9. O-O b6 10. Rc1 Bb7 11. Qc2 Re8 12. cxd5 exd5 13. Rfe1 Bd6 14. Nxd5 Be7 15.
Nxe7+ Qxe7 16. Ne5 Nxe5 17. dxe5 Qxe5 18. Bg3 Qd5 19. Bf3 1-0

[Event "Let's Play Chess!"]
[Site "http://www.queenalice.com/game.php?id=394931"]
[Date "2008.5.1"]
[Round "-"]
[White "betochess"]
[Black "spawnwolfwolverine"]
[Result "0-1"]
[WhiteElo "1297"]
[BlackElo "1560"]

1. e4 e5 2. Nf3 d6 3. d4 exd4 4. Qxd4 Bd7 5. Nc3 Nc6 6. Qa4 g6 7. Qb3 b6 8. Ng5
Qe7 9. Nd5 Qd8 10. Nxc7+ Qxc7 11. Qxf7+ Kd8 12. Qxf8+ Be8 13. Ne6+ Kc8 14. Qxe8+
Kb7 0-1

[Event "Let's Play Chess!"]
[Site "http://www.queenalice.com/game.php?id=394933"]
[Date "2008.5.1"]
[Round "-"]
[White "spawnwolfwolverine"]
[Black "betochess"]
[Result "1-0"]
[WhiteElo "1525"]
[BlackElo "1310"]

1. e4 e5 2. d3 d5 3. exd5 Qxd5 4. Bd2 Nf6 5. Nc3 Qd8 6. Be2 Nc6 7. Nf3 Bc5 8.
O-O O-O 9. a3 Re8 10. Rb1 Bf5 11. b4 Bd4 12. Nxd4 Nxd4 13. Bg5 1-0

[Event "Let's Play Chess!"]
[Site "http://www.queenalice.com/game.php?id=394934"]
[Date "2008.5.1"]
[Round "-"]
[White "spawnwolfwolverine"]
[Black "betochess"]
[Result "1-0"]
[WhiteElo "1554"]
[BlackElo "1303"]

1. d4 d5 2. e3 Nc6 3. Bb5 Nf6 4. Nf3 Bg4 5. O-O e6 6. c3 g6 7. Nbd2 Qd6 8. Bxc6+
Qxc6 9. h3 Bxf3 10. Nxf3 Bg7 11. Bd2 Qc4 12. b3 Qd3 13. Ne5 1-0

[Event "Let's Play Chess!"]
[Site "http://www.queenalice.com/game.php?id=394935"]
[Date "2008.5.1"]
[Round "-"]
[White "spawnwolfwolverine"]
[Black "betochess"]
[Result "1-0"]
[WhiteElo "1565"]
[BlackElo "1292"]

1. e4 e5 2. d3 Nc6 3. Nf3 d5 4. Nc3 d4 5. Nb1 Nf6 6. Be2 Bb4+ 7. Bd2 Qd6 8. O-O
Bxd2 9. Nbxd2 Be6 10. b3 Qb4 11. c4 O-O 12. a3 Qc3 13. b4 a6 14. Qb3 1-0